000 00567nam a2200169 i 4500
001 84604
003 ES-MaACL
007 t|
008 041123s1974 sp ||||1| spa d
100 1 _aJanke, Peter.
_966030
245 1 0 _aMendizábal y la instauración de la Monarquía constitucional en España (1790-1853) /
_cPeter Janke ; [traducción de Maribel de Juan].
250 _a[1ª ed.].
260 _a[Madrid] :
_bSiglo Veintiuno,
_c[1974]
300 _aVIII, 396 p. :
_bil. ;
_c21 cm.
700 1 _aJuan, Maribel de.
_967097
852 _aES-MaACL
_jL-805
_bR.101626
999 _c84604
_d84604